LEADER 00635nas a2200181 i 4500 001 000000000138 003 CaOOAMICUS 005 20180830125433.0 008 180830s1971 it u0 ita u 040 $aSeMil$bita 245 10$aStoria universale dell'architettura /$cA cura di Pier Luigi Nervi. 260 $a[Milano] :$bElecta,$c1971-1977. 300 $a14 v. ;$c29 cm. 500 $aFondo Ciprandi. 700 1 $aNervi, Pier Luigi <1891-1979>.$0(OLS)http://semarc/name/151 941 1 $a1 996 $6245$aStoria universale dell'architettura$9(OLS)http://semarc/title/236 996 $6260$a[Milano] :$bElecta$9(OLS)http://semarc/publisher/29698 LEADER 01366nam a2200325 i 4500 001 000000197822 003 CaOOAMICUS 005 20230118093641.0 008 140717s1948 it u000 u mul u 013 $a176510 040 $aSeMil$bita 245 12$aL'inno acatisto :$bin onore della Madre di Dio. 260 $aFirenze :$bFussi,$c1948. 300 $a115 p., [4] pagine di tav. :$bill. ;$c17 cm. 490 0 $aIl melagrano ;$v32.-33 500 $aFondo card. Giovanni Colombo 500 $aAltro frontespizio in greco. - Testo originale a fronte 500 $aEd. di 1500 esemplari numerati 650 4$aCanto liturgico bizantino.$0(OLS)http://semarc/subject/26166 650 4$aMaria - Liturgia bizantina.$0(OLS)http://semarc/subject/26167 650 4$aMaria - Inni.$0(OLS)http://semarc/subject/11471 650 4$aMadonna - Liturgia - Canti.$0(OLS)http://semarc/subject/37037 830 3$aIl melagrano ;$v32.-33.$0(OLS)http://semarc/title/41034 850 $aSeMil 852 $aSeMil$W1$xVenegono$y1$m3GC II 95$j148378$B148378$CSeMilBibl$Z2$F159801 $8B 941 1 $a3 961 $aLascito: Colombo Card. Giovanni 996 $6245$aL'inno acatisto :$bin onore della Madre di Dio$9(OLS)http://semarc/title/285720 996 $6260$aFirenze :$bFussi$9(OLS)http://semarc/publisher/33972